Toutes les gares ferroviaires de Saône-et-Loire - Statistiques

Statistiques générales
  • Ce quiz a été pris 15 fois
  • Le résultat moyen est 11 sur 37
Statistiques - réponses
Fréquentation annuelle Nom de la gare % Correct
1 541 777 Mâcon
100%
1 696 120 Chalon-sur-Saône
93%
136 767 Le Creusot
93%
436 114 Tournus
80%
47 675 Autun
60%
455 150 Mâcon Loché TGV
60%
683 035 Le Creusot - Montceau-les-Mines - Montchanin TGV
53%
84 173 Montceau-les-Mines
53%
153 087 Montchanin
53%
192 035 Paray-le-Monial
53%
422 474 Chagny
47%
34 166 Louhans
47%
29 838 Digoin
33%
39 100 Sennecey-le-Grand
33%
41 791 Chauffailles
20%
41 199 Crêches-sur-Saône
20%
85 075 Etang-sur-Arroux
20%
57 447 Romanèche-Thorins
20%
40 268 Rully
20%
11 626 Senozan
20%
14 625 Blanzy
13%
13 404 Cheilly-lès-Maranges
13%
19 817 Fleurville - Pont-de-Vaux
13%
45 462 Fontaines - Mercurey
13%
8 903 Galuzot
13%
494 Marmagne sous Creusot
13%
12 843 Saint-Léger-sur-Dheune
13%
5 728 Ciry-le-Noble
7%
14 966 Génelard
7%
7 191 Gilly-sur-Loire
7%
42 507 La Clayette - Baudemont
7%
15 893 Mervans
7%
48 906 Pontanevaux
7%
624 Saint-Agnan
7%
194 Saint-Symphorien-de-Marmagne
7%
5 336 Broye
0%
1 632 Mesvres
0%
Aucun quiz correspondant
Distribution des résultats
% des personnes avec chaque résultat
Percentile par nombre de réponses
Votre historique - résultats
Vous n’avez pas pris ce quiz